[Event "SVK-chT2B 1516"]
[Site "Slovakia"]
[Date "2015.11.08"]
[Round "4.5"]
[White "Galgoc, Gabriel"]
[Black "Sedlacek, Ondrej"]
[Result "1-0"]
[WhiteElo "1785"]
[BlackElo "1000"]
[PlyCount "93"]
[EventDate "2015.10.17"]
[EventType "team-tourn"]
[EventRounds "11"]
[EventCountry "SVK"]
[SourceTitle "EXT 2019"]
[Source "ChessBase"]
[SourceDate "2018.10.10"]
[SourceVersion "1"]
[SourceVersionDate "2018.10.10"]
[SourceQuality "1"]
[WhiteTeam "Levice"]
[BlackTeam "Trencin PK"]
[WhiteTeamCountry "SVK"]
[BlackTeamCountry "SVK"]

1. d4 Nf6 2. Bf4 d5 3. Nc3 a6 4. Nf3 e6 5. a3 Bd6 6. Bg5 Nbd7 7. e3 b5 8. Bd3 Bb7 9. 0-0 Qb8 10. Re1 c5 11. dxc5 Nxc5 12. h3 Qc7 13. Qe2 e5 14. Bxf6 gxf6 15. Bf5 e4 16. Nd4 Qe7 17. Qh5 Kd8 18. b4 Ne6 19. Red1 Rc8 20. Nce2 Ng7 21. Qg4 Nxf5 22. Nxf5 Qe5 23. Nxd6 Qxd6 24. Qxe4 Rg8 25. Qxh7 Ke7 26. Ng3 Qe6 27. Qf5 Qd6 28. Qf3 Kf8 29. Rac1 Rc7 30. Rd4 Qe5 31. Qf4 Qe7 32. Nf5 Qd7 33. Qh6+ Ke8 34. Qxf6 Rc6 35. Qe5+ Re6 36. Ng7+ Ke7 37. Nxe6 fxe6 38. Rh4 Kd8 39. Qb8+ Bc8 40. Qe5 Bb7 41. Rd1 Qe7 42. Rh6 Kd7 43. e4 Rg5 44. Qf6 Rg7 45. Qxe7+ Kxe7 46. exd5 Bxd5 47. Rxd5 1-0

[Event "SVK-chT2B 1415"]
[Site "Slovakia"]
[Date "2015.03.08"]
[Round "11.8"]
[White "Galgoc, Gabriel"]
[Black "Kuna, Marian"]
[Result "1/2-1/2"]
[WhiteElo "1458"]
[BlackElo "1885"]
[PlyCount "26"]
[EventDate "2014.10.11"]
[EventType "team-tourn"]
[EventRounds "11"]
[EventCountry "SVK"]
[SourceTitle "EXT 2019"]
[Source "ChessBase"]
[SourceDate "2018.10.10"]
[SourceVersion "1"]
[SourceVersionDate "2018.10.10"]
[SourceQuality "1"]
[WhiteTeam "Levice"]
[BlackTeam "Nitra NSK II"]
[WhiteTeamCountry "SVK"]
[BlackTeamCountry "SVK"]

1. Nf3 Nf6 2. c4 c5 3. g3 g6 4. Bg2 Bg7 5. 0-0 0-0 6. Nc3 Nc6 7. d3 d6 8. Bd2 Bd7 9. a3 a6 10. Qc2 Qc7 11. Rfe1 Rac8 12. Rad1 Rfd8 13. Na2 a5 1/2-1/2